Ч. 1; Проектирование информационных систем

Detalles Bibliográficos
Parent link:Проектирование информационных систем: цикл лабораторных работ/ Е. А. Мирошниченко, Н. А. Шестаков; Томский политехнический университет (ТПУ).— , 2008
Sumario:Заглавие с титульного экрана
Электронная версия печатной публикации
Режим доступа: из корпоративной сети ТПУ
Lenguaje:ruso
Publicado: 2008
Materias:
Acceso en línea:http://www.lib.tpu.ru/fulltext2/m/2010/m216.pdf
Formato: Electrónico Libro
KOHA link:https://koha.lib.tpu.ru/cgi-bin/koha/opac-detail.pl?biblionumber=188489

MARC

LEADER 00000nlm2a2200000 4500
001 188489
005 20231101224134.0
035 |a (RuTPU)RU\TPU\book\204731 
090 |a 188489 
100 |a 20101209d2008 m y0rusy50 ca 
101 0 |a rus 
102 |a RU 
105 |a a j 001zy 
135 |a drcn ---uucaa 
181 0 |a i  
182 0 |a b 
200 1 |a Ч. 1  |b Электронный ресурс 
203 |a Текст  |c электронный 
210 |d 2008 
230 |a 1 компьютерный файл (pdf; 801 KB) 
300 |a Заглавие с титульного экрана 
300 |a Электронная версия печатной публикации 
333 |a Режим доступа: из корпоративной сети ТПУ 
337 |a Adobe Reader 
452 1 |0 (RuTPU)RU\TPU\book\167304  |y 5-98298-352-7  |t  Ч. 1  |d 2008  |p 33 с. 
461 1 |0 (RuTPU)RU\TPU\book\204727  |t Проектирование информационных систем  |o цикл лабораторных работ  |o методические указания  |f Е. А. Мирошниченко, Н. А. Шестаков  |g Томский политехнический университет (ТПУ)  |d 2008 
606 1 |a Информационные системы  |x Банк данных  |2 stltpush  |3 (RuTPU)RU\TPU\subj\12941  |9 39639 
610 1 |a вычислительная техника 
610 1 |a архитектура 
610 1 |a невизуальные компоненты 
610 1 |a пользовательский интерфейс 
610 1 |a информационные системы 
610 1 |a информатика 
610 1 |a лабораторные работы 
610 1 |a методические пособия 
610 1 |a труды учёных ТПУ 
610 1 |a электронный ресурс 
675 |a 681.324.016(075.8)  |v 3 
801 1 |a RU  |b 63413507  |c 20101209 
856 4 |u http://www.lib.tpu.ru/fulltext2/m/2010/m216.pdf 
942 |c CF